Top 70 des YouTubers français - Statistiques

Statistiques générales
  • Ce quiz a été pris 669 fois
    574 depuis la dernière actualisation
  • Le résultat moyen est 14 sur 70
Statistiques - réponses
Nombre d’abonnés Youtubers % Correct
14,1M Squeezie
95%
13,5 M Cyprien
89%
11,8 M Norman fait des vidéos
82%
3,18M Michou
68%
6,11M Amixem
67%
6,81M Tibo Inshape
66%
5,01M Natoo
63%
2,22M Mastu
53%
3,14M Joyca
52%
5,46M Mister V
43%
3,62M Enjoy Phoenix
36%
5,37M Le rire jaune
36%
4,34M Seb
36%
6,47M Lama faché
31%
3,28M VodK
31%
3,22M Pierre Croce
30%
3,66M Andy
29%
6,97M Rémi Gaillard
27%
1,58M Neoxi
26%
3,38M Joueur du grenier
22%
6,48M Bigorneaux et coquillages
20%
4,37M Cyril MP4
19%
4,41M Hugo Posay
19%
1,83M Juju Fitcats
19%
3,49M Dr Nozman
18%
3,75M Fast good cuisine
17%
4,39M Ibra TV
17%
3,17M Le monde à l’envers
16%
2,84M Sananas
16%
3,6M Golden Moustache
14%
2,86M Furious Jumper
13%
2,3M Hugo tout seul
13%
4,56M Swan the voice
13%
3,23M The Kairi78
13%
2,23M Siphano
12%
2,89M Squeezie Gaming
12%
3,36M Studio Bagel
12%
1,69M David Lafarge Pokemon
11%
3,64M Le woop
11%
4,34M Anas
10%
1,52M Emy LTR
10%
1,94M Frigiel
10%
3,23M L’atelier de Roxane
10%
1,64M Néo the one
10%
2,21M Poisson Fécond
10%
2,17M Greg Guillotin
9%
2,34M Horia
9%
3,21M Lolywood
9%
1,48M Sofyan
9%
1,48M Fabien Olicard
8%
3,59M Palmashow
8%
1,56M Studio Bubble Tea
7%
1,77M Trash
7%
3,46M La chaîne de jeremy
6%
1,7M MichouOff
6%
1,93M Jimmy faitlecon
5%
1,94M Pat
5%
2,48M Tim
5%
2,07M Gotaga TV
4%
2,11M Le show jaune
4%
1,6M Topito
4%
2,9M Guillaume Pley
3%
1,83M Daniil le russe
2%
1,86M Le vrai bouseuh
2%
1,88M Mademoisselle Gloria
2%
1,71M Sulivan Gwed
2%
2,97M Wass Freestyle
2%
3,74M Disney Fr
1%
2,45M Les parodie Bros
1%
4,11M Monde des titounis
1%
Aucun quiz correspondant
Distribution des résultats
% des personnes avec chaque résultat
Percentile par nombre de réponses
Votre historique - résultats
Vous n’avez pas pris ce quiz depuis la dernière actualisation